Central european exonyms Quiz Stats

 Plays Quiz not verified by Sporcle

Challenge
Share
Tweet
Score 0/18 Timer 03:00
0 Plays Today
% Correct
Gdańsk
96.1%
Kaliningrad
88.2%
Mnichov
86.3%
Bratislava
84.3%
Wrocław
84.3%
Ljubljana
82.4%
Drážďany
82.4%
Pětikostelí
59.8%
Liberec
56.9%
% Correct
Štýrský Hradec
56.9%
Benátky
54.9%
Saská Kamenice
54.9%
Ráb
53.9%
Most
53.9%
Celovec
51%
Cáchy
50%
Beljak
50%
Szombhately
46.1%

You're not logged in!

Compare scores with friends on all Sporcle quizzes.
Join for Free
OR
Log In

You Might Also Like...

Show Comments

Extras

Top Quizzes Today


Score Distribution

Your Account Isn't Verified!

In order to create a playlist on Sporcle, you need to verify the email address you used during registration. Go to your Sporcle Settings to finish the process.

Report this User

Report this user for behavior that violates our Community Guidelines.

Details: